| 000 | 01245nam a2200289 i 4500 | ||
|---|---|---|---|
| 001 | bg | ||
| 245 | 0 | 0 |
_aRóżnorodność biologiczna porostów = _bLichen biological diversity / _c[red. Krystyna Czyżewska] ; Uniwersytet Łódzki. Katedra Botaniki, Polskie Towarzystwo Botaniczne. Sekcja Lichenologiczna. |
| 260 |
_aŁódź : _bWydaw. UŁ, _c1998. |
||
| 300 |
_a153 s., [1] k. tabl. złoż. : _bmapy, wykr. ; _c24 cm. |
||
| 500 | _aMateriały z konferencji Warsztaty Lichenologiczne, połączonej z 12 spotkaniem lichenologów polskich, 16-20 września 1997 r. w Załęczu Wielkim-Kępowiźnie. | ||
| 500 | _aStreszcz. ang. | ||
| 504 | _aBibliogr. przy ref. | ||
| 650 | 9 |
_aPorosty _xbadanie _zPolska |
|
| 650 | 9 |
_aRóżnorodność biologiczna _xbadanie _zPolska |
|
| 650 | 9 |
_aŚrodowisko człowieka _xhigiena i ochrona _xbadanie _zPolska |
|
| 655 | _aMateriały konferencyjne | ||
| 700 | 1 |
_aCZYŻEWSKA, Krystyna. _eRed. |
|
| 710 | 0 |
_aUniwersytet Łódzki _bKatedra Botaniki |
|
| 710 | 0 |
_aPolskie Towarzystwo Botaniczne _bSekcja Lichenologiczna |
|
| 020 | _a8371711778 | ||
| 040 | _cBPK | ||
| 041 | 0 |
_apl _ben |
|
| 080 | _a582.29:504](438)(061) | ||
| 920 | _a83-7171-177-8 | ||
| 942 | _cKS | ||
| 008 | s pl f |000 0 pol | ||
| 999 |
_c34016 _d34016 |
||
| 856 |
_uhttp://koha.tu.koszalin.pl/cgi-bin/koha/opac-detail.pl?biblionumber=34016 _yKatalog online BPK |
||